ARRUPE JESUIT UNIVERSITY

CORONAVIRUS -STOP THE SPREAD - CLEAN,DISINFECT,COVER

The Classic Latin dictionary (Record no. 49752)

MARC details
000 -LEADER
fixed length control field 00451nam a2200193Ia 4500
003 - CONTROL NUMBER IDENTIFIER
control field 0100
008 - FIXED-LENGTH DATA ELEMENTS--GENERAL INFORMATION
fixed length control field 130303s9999 xx 000 0 und d
040 ## - CATALOGING SOURCE
Transcribing agency ARRUPELIB
050 ## - LIBRARY OF CONGRESS CALL NUMBER
Classification number REF. PA2365.E5C6 1957
300 ## - PHYSICAL DESCRIPTION
Other physical details 927p. 20cm.
245 #4 - TITLE STATEMENT
Title The Classic Latin dictionary
260 ## - PUBLICATION, DISTRIBUTION, ETC. (IMPRINT)
Place of publication, distribution, etc Chicago IL
260 ## - PUBLICATION, DISTRIBUTION, ETC. (IMPRINT)
Name of publisher, distributor, etc Follett Publishing Co.
260 ## - PUBLICATION, DISTRIBUTION, ETC. (IMPRINT)
-- 1957
300 ## - PHYSICAL DESCRIPTION
Extent ix
440 ## - SERIES STATEMENT/ADDED ENTRY--TITLE
Title The classic series
650 ## - SUBJECT ADDED ENTRY--TOPICAL TERM
Topical term or geographic name as entry element LANGUAGE
942 00 - ADDED ENTRY ELEMENTS (KOHA)
Koha issues (borrowed), all copies 1
Holdings
Withdrawn status Lost status Source of classification or shelving scheme Damaged status Not for loan Collection code Home library Current library Shelving location Date acquired Total Checkouts Full call number Barcode Date last seen Date checked out Copy number Price effective from Koha item type
    Library of Congress Classification     REFERENCE ARRUPE LIBRARY ARRUPE LIBRARY   04/03/2013 1 REF. PA2365.E5C6 1957 46003040309 27/03/2019 28/05/2015 1 04/03/2013 Monograph ( Printed materials)

 

Arrupe Library. PO Box MP320 Mt Pleasant, Harare, Zimbabwe
263 242 745411|librarian@aju.ac.zw